Name Roller Coasters with the most Inversions - Statistics

General Stats
  • This quiz has been taken 70 times
  • The average score is 6 of 26
Answer Stats
Hint Answer % Correct
14 Smiler
95%
10 Colossus
66%
8 Steel Curtain
47%
7 Kumba
42%
7 Montu
39%
10 Sik
39%
8 Dragon Khan
32%
7 Banshee
27%
7 Medusa
25%
7 Kraken
24%
7 Viper
24%
7 Incredible Hulk
19%
7 Scream!
19%
10 10 Inversion Roller Coaster
15%
7 Goudurix
14%
10 Altair
12%
7 TMNT Shellraiser
12%
7 Decepticoaster
7%
7 Takabisha
7%
7 Hydra the Revenge
5%
8 Avalancha
3%
7 Helix
3%
10 Crazy Coaster
2%
11 Eleventh Roller Coaster
2%
10 Lightspeed
0%
10 Velikolukskiy Myasokombinat-2
0%
No matching quizzes found
Score Distribution
Percent of People with Each Score
Percentile by Number Answered
Your Score History
You have not taken this quiz